000 00962nam a22002897a 4500
001 7100
003 FISKH
005 20250623135127.0
008 250623b cb ||||| |||| 00| 0 eng d
020 _a9780531265680
040 _aFISKH
_beng
_cFISKH
_dFISKH
050 _aE450 .R145
082 _a973.7
100 _aRaatma, Lucia
245 _aThe underground railroad /
_cBy Lucia Raatma
260 _aNew York :
_bScholastic ,
_c2012.
300 _a64 pages :
_bcolor illustrations ;
_c23 cm .
490 _aCornerstones of Freedom
_vThird Series
505 _aZ
520 _aDescribes life under slavery, highlighting the Underground Railroad and the antislavery movement as a whole.
521 8 _a1000
_bLexile
521 8 _aZ
_bRaz-Plus
650 _aUnderground Railroad
_vJuvenile Literature
650 _aFugitivr slaves-United States- History -19th Century
_vJuvenile Literature
942 _2ddc
_cBK
_n0
999 _c7100
_d7100